000 00975cam a22003017a 4500
003 CHAP
005 20220329140053.0
008 971013s1984 r 00010 d
010 _a46533
011 _a47505
035 _a51647
040 _cCHAP
082 _a630.717
_bU5
110 _aUniversidad Autónoma de Chihuahua. Facultad de Zootecnia
_9116319
245 1 3 _aLa divulgación agropecuaria en Chihuahua
260 _aChihuahua, Chih. :
_bLa Universidad,
_c(1984?)
300 _ac.a. 52 p.
590 _aBATCH-UPD
_b10
_c20130110
_lUCH01
_h1806
590 _aBATCH-UPD
_b10
_c20130410
_lUCH01
_h1142
590 _aBATCH-UPD
_b10
_c20130914
_lUCH01
_h1024
590 _aCONVERSION
_b10
_c20130109
_lUCH01
_h1325
650 1 4 _aComunicación en agricultura.
_926212
650 1 4 _aExtensión agrícola.
_939144
650 1 4 _aPeriodismo agrícola.
_987178
901 _aBK
942 _cLIBRO
949 _a630.717 U5
_bBC
_cLIBRO
_d33724000036463
_eLIBRO
_h71907
_i51647
_mD
_si
999 _c46533
_d46533